MARC details
| 000 -LEADER |
| fixed length control field |
04116nam a2200397Ia 4500 |
| 001 - CONTROL NUMBER |
| control field |
ovld001900336 |
| 003 - CONTROL NUMBER IDENTIFIER |
| control field |
UtOrBLW |
| 005 - DATE AND TIME OF LATEST TRANSACTION |
| control field |
20210303085024.0 |
| 006 - FIXED-LENGTH DATA ELEMENTS--ADDITIONAL MATERIAL CHARACTERISTICS |
| fixed length control field |
m o d |
| 007 - PHYSICAL DESCRIPTION FIXED FIELD--GENERAL INFORMATION |
| fixed length control field |
cr un||||||||| |
| 008 - FIXED-LENGTH DATA ELEMENTS--GENERAL INFORMATION |
| fixed length control field |
160927s2016 enk eob 000 0 eng d |
| 020 ## - INTERNATIONAL STANDARD BOOK NUMBER |
| International Standard Book Number |
9781785609572 (electronic bk.) |
| 040 ## - CATALOGING SOURCE |
| Original cataloging agency |
UtOrBLW |
| 043 ## - GEOGRAPHIC AREA CODE |
| Geographic area code |
a-cc--- |
| 050 #4 - LIBRARY OF CONGRESS CALL NUMBER |
| Classification number |
HG187.C6 |
| Item number |
P65 2016 |
| 072 #7 - SUBJECT CATEGORY CODE |
| Subject category code |
KFI |
| Source |
bicssc |
| 072 #7 - SUBJECT CATEGORY CODE |
| Subject category code |
BUS027000 |
| Source |
bisacsh |
| 080 ## - UNIVERSAL DECIMAL CLASSIFICATION NUMBER |
| Universal Decimal Classification number |
336 |
| 082 04 - DEWEY DECIMAL CLASSIFICATION NUMBER |
| Classification number |
332.0951 |
| Edition number |
23 |
| 245 04 - TITLE STATEMENT |
| Title |
The political economy of Chinese finance |
| Medium |
[electronic resource] / |
| Statement of responsibility, etc. |
edited by J. Jay Choi, Michael R. Powers, Xiaotian Tina Zhang. |
| 260 ## - PUBLICATION, DISTRIBUTION, ETC. |
| Place of publication, distribution, etc. |
Bingley, U.K. : |
| Name of publisher, distributor, etc. |
Emerald, |
| Date of publication, distribution, etc. |
2016. |
| 300 ## - PHYSICAL DESCRIPTION |
| Extent |
1 online resource (xi, 411 p.) |
| 490 1# - SERIES STATEMENT |
| Series statement |
International finance review, |
| International Standard Serial Number |
1569-3767 ; |
| Volume/sequential designation |
v. 17 |
| 504 ## - BIBLIOGRAPHY, ETC. NOTE |
| Bibliography, etc. note |
Includes bibliographical references. |
| 505 0# - FORMATTED CONTENTS NOTE |
| Formatted contents note |
Market socialism with "Chinese characteristics" / Jongmoo J. Choi, Michael R. Powers, Xiaotian Tina Zhang -- The metaphysical foundations of political economy in China and the west / Robert Shaw -- A state-stewardship view on executive compensation / Hao Liang, Luc Renneboog, Sunny Li Sun -- Netizens and private monitoring in Chinese banking / W. Travis Selmier, II -- CEO promotion, relative performance measures and institutions in an emerging market: evidence from China's listed state-owned enterprise / Fang Hu, Yahua Zhang -- Does government control always reduce firm value? theory and evidence from China / Ping He, Kun Wang, Xing Xiao -- Internal control, corporate life cycle and firm performance / Haiyan Zhou, Hanwen Chen, Zhirong Cheng -- The effect of privatization processes and the split-share structure reform on the market reaction to the announcements of transitional non-traditional shares / Aysun Ficici, Bo Fan, C. Bu<U+0308>lent Aybar, Lingling Wang -- Regulatory risks and strategic controls in the global financial center of China / Artie Ng, Wallace Tang -- Bank internationalisation: an examination of the role of government and home institutions in emerging economies / Agyenim Boateng, Weijing He, Patrick Ring -- Climate change, catastrophe risk, and government stimulation of the insurance market: a study of transitional china / Qihao He -- Determinants and fluctuations of China's exchange rate policy: national interests and decision-making processes / Falin Zhang -- Efficiency of regulated and unregulated forex markets: an analysis of onshore and offshore renminbi forward markets / Zsuzsa R. Huszar, Ruth S.k. Tan, Weina Zhang -- Do sectoral and locational factors of foreign direct investment from emerging countries matter for firm performance? the case of Korean firms FDI in China's service sector / Seong-Bong Lee, Masaaki Kotabe, Doohoi Heo, Byung Jin Kang, Albert Yoon. |
| 520 ## - SUMMARY, ETC. |
| Summary, etc. |
Volume 17 of International Finance Review focuses on a variety of issues relating to the political economy of Chinese finance, including: the pattern of government ownership and control of Chinese firms; the role of government in corporate governance of industrial and financial firms; the interaction of culture, law and institutions in Chinese governance systems; corporate social responsibility, stakeholders and sustainable growth; the effect of political connections on corporate performance and society; privatization, IPOs, exchange listing and firm valuation; the role of government in banking and financial markets; practice of corporate risk management and insurance; foreign-exchange policy and its effect on firms and markets; foreign direct and portfolio investments in China; international investments and operations of Chinese firms; Chinese economic relations with the US and other countries. |
| 588 0# - SOURCE OF DESCRIPTION NOTE |
| Source of description note |
Print version record |
| 650 #7 - SUBJECT ADDED ENTRY--TOPICAL TERM |
| Topical term or geographic name entry element |
Business & Economics |
| General subdivision |
Finance. |
| Source of heading or term |
bisacsh |
| 650 #0 - SUBJECT ADDED ENTRY--TOPICAL TERM |
| Topical term or geographic name entry element |
Finance |
| Geographic subdivision |
China. |
| 700 1# - ADDED ENTRY--PERSONAL NAME |
| Personal name |
Choi, Jongmoo Jay, |
| Dates associated with a name |
1945- |
| 700 1# - ADDED ENTRY--PERSONAL NAME |
| Personal name |
Powers, Michael R. |
| 700 1# - ADDED ENTRY--PERSONAL NAME |
| Personal name |
Zhang, Xiaotian Tina. |
| 776 1# - ADDITIONAL PHYSICAL FORM ENTRY |
| International Standard Book Number |
9781785609589 |
| 830 #0 - SERIES ADDED ENTRY--UNIFORM TITLE |
| Uniform title |
International finance review ; |
| Volume/sequential designation |
v. 17. |
| 856 40 - ELECTRONIC LOCATION AND ACCESS |
| Uniform Resource Identifier |
<a href="https://www.emerald.com/insight/publication/doi/10.1108/S1569-3767201617">https://www.emerald.com/insight/publication/doi/10.1108/S1569-3767201617</a> |